00795cam a22002177a 4500003000500000005001700005008004100022010001000063011001000073035001100083040000900094100003100103245015000134260004300284300001000327502011200337650001700449650003300466650004300499650003500542CHAP20250808102013.0050119d2004 mx r 00110 spa d a89331 a90303 a100859 cCHAP10aBautista Reyes, Benjamín10aAlmacenamiento refrigerado y uso de 1-metilciclopropeno en frutos de chicozapote (Manilkara sapota (L.) P. Royen)c/por Benjamín Bautista Reyes aMontecillo, Méx. :bEl autor,c2004. a63 h. aTesis (M. C.) - - C. P. Instituto de Recursos Genéticos y Productividad. Programa de Fisiología Vegetal14aChicozapote.14aChicozapotexAlmacenamiento.14aChicozapotexTecnología postcosecha.14aFríoxEfecto en chicozapote.